000 00270nam a2200145Ia 4500
100 _aGary/R Gruber
942 _cBK
654 _aGMAT
245 _aGMAT
260 _bMonarch Press
_c1971
082 _a658
_bGRU
300 _a572
546 _aENGLISH
999 _c29173
_d29173